| 000 | 00000nam 2200000za 4500 |
| 001 | 9.840410 |
| 003 | CaOODSP |
| 005 | 20240228150754 |
| 007 | cr ||||||||||| |
| 008 | 170726q2016 onc |o f|0| 0 fre d |
| 040 | |aCaOODSP|bfre |
| 043 | |an-cn--- |
| 086 | 1 |aEm12-34/2016F-PDF |
| 245 | 00|aPrix pour le bénévolat du Canada |h[ressource électronique] : |bcélébrons les Canadiens qui font une différence : lignes directrices de mise en candidature. |
| 246 | 17|aPrix pour le bénévolat du Canada : |blignes directrices de mise en candidature |
| 260 | |a[Ottawa] : |bEmploi et Développement social Canada, |c[2016]. |
| 300 | |a[18] p. |
| 500 | |aPubl. aussi en anglais sous le titre : Canada's Volunteer Awards: celebrating Canadians who make a difference: guidelines for nominations. |
| 500 | |aTitre de la couv. |
| 692 | 07|2gccst|aBénévolat |
| 692 | 07|2gccst|aRécompense |
| 710 | 1 |aCanada. |bEmploi et développement social Canada. |
| 775 | 08|tCanada's Volunteer Awards |w(CaOODSP)9.840403 |
| 856 | 40|qPDF|s659 Ko|uhttps://publications.gc.ca/collections/collection_2017/edsc-esdc/Em12-34-2016-fra.pdf |
| 986 | |aSSD-146-10-16F |